[Event "FICGS class D 000098 email"]
[Site "FICGS email"]
[Date "2008.08.20"]
[Round "1"]
[White "Fischer, Richard"]
[Black "Ratna, Jean Michel"]
[Result "0-1"]
[WhiteElo "1600"]
[BlackElo "1800"]
[PlyCount "20"]
[EventDate "2008.??.??"]
[EventType "tourn (corr)"]
[EventRounds "6"]
[SourceTitle "Corr 2022"]
[Source "ChessBase"]
[SourceDate "2021.10.24"]
[SourceVersion "1"]
[SourceVersionDate "2021.10.24"]
[SourceQuality "1"]

1. d4 Nf6 2. Bg5 Ne4 3. Nf3 Nxg5 4. Nxg5 e5 5. Qc1 exd4 6. Qf4 f6 7. Qe4+ Qe7 8. Qxe7+ Bxe7 9. Nf3 Nc6 10. c3 dxc3 0-1

[Event "FICGS no engines 00 email"]
[Site "FICGS email"]
[Date "2008.04.01"]
[Round "1"]
[White "Fischer, Richard"]
[Black "Hess, Volker"]
[Result "1/2-1/2"]
[WhiteElo "1617"]
[BlackElo "1291"]
[PlyCount "92"]
[EventDate "2008.??.??"]
[EventType "swiss (corr)"]
[EventRounds "1"]
[SourceTitle "Corr 2022"]
[Source "ChessBase"]
[SourceDate "2021.10.24"]
[SourceVersion "1"]
[SourceVersionDate "2021.10.24"]
[SourceQuality "1"]

1. e4 d6 2. d4 Nf6 3. Nc3 g6 4. Be2 Bg7 5. Nf3 0-0 6. 0-0 Na6 7. b3 c5 8. h3 cxd4 9. Nxd4 Nb4 10. Bb2 Bd7 11. a3 Nc6 12. Nf3 e5 13. Qxd6 Qc8 14. Nh2 Rd8 15. Qc5 Be6 16. Qe3 Nd4 17. Bd1 a6 18. Nf3 Nd7 19. Rc1 Nb6 20. Ne2 Nxf3+ 21. Qxf3 Qc6 22. c4 f5 23. Nc3 Rd2 24. Rc2 Rxc2 25. Bxc2 Rd8 26. Rd1 Rxd1+ 27. Nxd1 fxe4 28. Bxe4 Qd7 29. Bxb7 Bf5 30. Bxa6 e4 31. Qe2 Bxb2 32. Nxb2 Qg7 33. Qd2 Qf8 34. Bb7 Nd7 35. Qd5+ Qf7 36. Qd6 e3 37. fxe3 Nf6 38. Qd8+ Kg7 39. Bd5 Nxd5 40. cxd5 Qa7 41. Nc4 Bd3 42. d6 Bxc4 43. bxc4 Qxe3+ 44. Kh1 Qe1+ 45. Kh2 Qe5+ 46. Kh1 Qe1+ 1/2-1/2

[Event "FICGS no engines 00 email"]
[Site "FICGS email"]
[Date "2008.04.01"]
[Round "1"]
[White "Fischer, Richard"]
[Black "Marcel, Alexis"]
[Result "0-1"]
[WhiteElo "1617"]
[BlackElo "1500"]
[PlyCount "108"]
[EventDate "2008.??.??"]
[EventType "swiss (corr)"]
[EventRounds "1"]
[SourceTitle "Corr 2022"]
[Source "ChessBase"]
[SourceDate "2021.10.24"]
[SourceVersion "1"]
[SourceVersionDate "2021.10.24"]
[SourceQuality "1"]

1. e4 e5 2. Nf3 Nf6 3. Bc4 h6 4. d3 Bc5 5. Nxe5 0-0 6. 0-0 d6 7. Nf3 Nc6 8. a3 Nd4 9. Nxd4 a6 10. Nb3 Ba7 11. Kh1 Bg4 12. Qe1 c6 13. N3d2 b5 14. Ba2 a5 15. b4 a4 16. c4 Bd4 17. Nc3 Bxc3 18. Rb1 Bxd2 19. Bxd2 Re8 20. f3 Be6 21. Bc3 Rc8 22. Qe2 Qe7 23. Qf2 Rb8 24. e5 dxe5 25. c5 Bxa2 26. Qxa2 Rbd8 27. Qc2 Nd5 28. Bb2 Ne3 29. Qc3 Nxf1 30. Rxf1 f6 31. Re1 Qd7 32. Rd1 Qe6 33. h3 Qf5 34. Kh2 Qf4+ 35. Kh1 Rd5 36. Bc1 Qd4 37. Qc2 Red8 38. Bb2 Qe3 39. Bc1 Qd4 40. Bb2 Qe3 41. Qb1 Rxd3 42. Rxd3 Qxd3 43. Qxd3 Rxd3 44. Kh2 Rd2 45. Bc1 Ra2 46. Kg3 Kf7 47. Kh2 Ke6 48. h4 Kd5 49. h5 Kc4 50. Kh3 Kb3 51. g4 Rxa3 52. Bd2 Ra2 53. Be1 Kc4 54. Bg3 Rb2 0-1

[Event "FICGS W-ch st1 g06 email"]
[Site "FICGS email"]
[Date "2008.01.08"]
[Round "1"]
[White "Fischer, Richard"]
[Black "Kepinski, Janusz"]
[Result "1-0"]
[WhiteElo "1700"]
[BlackElo "1612"]
[PlyCount "57"]
[EventDate "2008.??.??"]
[EventType "tourn (corr)"]
[EventRounds "8"]
[SourceTitle "Corr 2022"]
[Source "ChessBase"]
[SourceDate "2021.10.24"]
[SourceVersion "1"]
[SourceVersionDate "2021.10.24"]
[SourceQuality "1"]

1. d4 Nf6 2. Bg5 Ne4 3. Nf3 Nxg5 4. Nxg5 e5 5. Nf3 exd4 6. Nxd4 Bc5 7. e3 d6 8. Nb3 Bb6 9. Bd3 Be6 10. N1d2 Nd7 11. 0-0 c5 12. c4 0-0 13. Qc2 Nf6 14. Ne4 Ng4 15. h3 Ne5 16. Kh1 f5 17. Ned2 Nxd3 18. Qxd3 Qf6 19. Qxd6 Rad8 20. Qg3 Qxb2 21. Rfb1 Qf6 22. Qf3 Rf7 23. Rc1 Rfd7 24. Qe2 Bc7 25. Rd1 b6 26. Rab1 Qc3 27. Kg1 Qd3 28. Qxd3 Rxd3 29. Rbc1 1-0

[Event "FICGS W-ch st1 g06 email"]
[Site "FICGS email"]
[Date "2008.01.08"]
[Round "1"]
[White "Fischer, Richard"]
[Black "Mueller Toepler, Michael"]
[Result "0-1"]
[WhiteElo "1700"]
[BlackElo "1991"]
[PlyCount "56"]
[EventDate "2008.??.??"]
[EventType "tourn (corr)"]
[EventRounds "8"]
[SourceTitle "Corr 2022"]
[Source "ChessBase"]
[SourceDate "2021.10.24"]
[SourceVersion "1"]
[SourceVersionDate "2021.10.24"]
[SourceQuality "1"]

1. e4 c5 2. Nf3 e6 3. d4 cxd4 4. Nxd4 Nc6 5. Nc3 Nf6 6. Be2 d6 7. f3 e5 8. Nb3 a5 9. Be3 a4 10. Nd2 d5 11. exd5 Nxd5 12. Nxd5 Qxd5 13. 0-0 Bc5 14. Bxc5 Qxc5+ 15. Kh1 f5 16. a3 Be6 17. Bd3 0-0 18. Re1 Qd4 19. Qc1 Rf6 20. Nf1 Rf7 21. Rd1 Qb6 22. Ne3 Na5 23. Rb1 Rd8 24. Re1 g6 25. Re2 Rd4 26. Nd1 e4 27. fxe4 fxe4 28. Qe3 Rf1+ 0-1

[Event "FICGS W-ch st1 g06 email"]
[Site "FICGS email"]
[Date "2008.01.08"]
[Round "1"]
[White "Rotaru, Dan"]
[Black "Fischer, Richard"]
[Result "1-0"]
[WhiteElo "2205"]
[BlackElo "1700"]
[PlyCount "39"]
[EventDate "2008.??.??"]
[EventType "tourn (corr)"]
[EventRounds "8"]
[SourceTitle "Corr 2022"]
[Source "ChessBase"]
[SourceDate "2021.10.24"]
[SourceVersion "1"]
[SourceVersionDate "2021.10.24"]
[SourceQuality "1"]

1. d4 Nf6 2. c4 d5 3. cxd5 Nxd5 4. Nf3 Nc6 5. e4 Nb6 6. d5 Na5 7. Bd2 Nac4 8. Bxc4 Nxc4 9. Qa4+ Bd7 10. Qxc4 c6 11. dxc6 Bxc6 12. Ne5 e6 13. Nxc6 bxc6 14. Qxc6+ Ke7 15. Nc3 Qc8 16. Nd5+ exd5 17. Qxd5 Rb8 18. Qe5+ Kd7 19. Rd1 f6 20. Ba5+ 1-0